| Tag |
First Indicator |
Second Indicator |
Subfields |
| LEADER |
00000cam a22000004a 4500 |
| 001 |
in00003385909 |
| 006 |
m o d |
| 007 |
cr |||||||nn|n |
| 008 |
111014s2011 quc o d fre d |
| 005 |
20260608204901.1 |
| 010 |
|
|
|z 2011505823
|
| 020 |
|
|
|a 9782760526075
|
| 020 |
|
|
|z 9782760526068
|
| 020 |
|
|
|z 2760526062
|
| 035 |
|
|
|a (MdBmJHUP)muse9782760526075
|
| 040 |
|
|
|a MdBmJHUP
|c MdBmJHUP
|d UtOrBLW
|
| 050 |
0 |
0 |
|a HN110.Q4
|b L325 2011
|
| 245 |
0 |
3 |
|a La pratique de l'action communautaire /
|c sous la direction de Jocelyne Lavoie et Jean Panet-Raymond.
|
| 250 |
|
|
|a 3rd ed.
|
| 264 |
|
1 |
|a Quebec :
|b Presses de l'Universite du Quebec,
|c 2011.
|
| 300 |
|
|
|a 1 online resource (xx, 416 pages )
|
| 336 |
|
|
|a text
|b txt
|2 rdacontent
|
| 337 |
|
|
|a computer
|b c
|2 rdamedia
|
| 338 |
|
|
|a online resource
|b cr
|2 rdacarrier
|
| 504 |
|
|
|a Includes bibliographical references.
|
| 588 |
|
|
|a Description based on print version record.
|
| 500 |
|
|
|a Electronic resource.
|
| 650 |
|
0 |
|a Community organization
|x Moral and ethical aspects
|z Québec (Province)
|
| 650 |
|
0 |
|a Social change
|z Québec (Province)
|
| 650 |
|
0 |
|a Social participation
|z Québec (Province)
|
| 650 |
|
0 |
|a Community organization
|z Québec (Province)
|
| 655 |
|
7 |
|a Electronic books.
|2 local
|
| 700 |
1 |
|
|a Panet-Raymond, Jean.
|
| 700 |
1 |
|
|a Lavoie, Jocelyne,
|d 1954-
|
| 856 |
4 |
0 |
|u http://proxy.library.tamu.edu/login?url=https://muse.jhu.edu/books/9782760526075/
|z Connect to the full text of this electronic book
|t 0
|
| 999 |
|
|
|a MARS
|
| 999 |
f |
f |
|s 8212b846-a88f-339b-b30c-3c16bacab2fc
|i 0bec5d59-230f-3b73-b305-de02766053a2
|t 0
|
| 952 |
f |
f |
|a Texas A&M University
|b College Station
|c Electronic Resources
|s www_evans
|d Available Online
|t 0
|e HN110.Q4 L325 2011
|h Library of Congress classification
|
| 998 |
f |
f |
|a HN110.Q4 L325 2011
|t 0
|l Available Online
|